NLSUI OPAC header image

Iinternational commercial litigation (Record no. 38352)

MARC details
000 -LEADER
fixed length control field 01609nam a2200229Ia 4500
003 - CONTROL NUMBER IDENTIFIER
control field OSt
005 - DATE AND TIME OF LATEST TRANSACTION
control field 20210323111354.0
008 - FIXED-LENGTH DATA ELEMENTS--GENERAL INFORMATION
fixed length control field 160316s2015 xxu||||| |||| 00| 0 eng d
020 ## - INTERNATIONAL STANDARD BOOK NUMBER
International Standard Book Number 9780198712916
040 ## - CATALOGING SOURCE
Transcribing agency n
082 ## - DEWEY DECIMAL CLASSIFICATION NUMBER
Classification number 340.900000
Item number FEN
100 ## - MAIN ENTRY--PERSONAL NAME
Personal name Fentiman Richard
245 ## - TITLE STATEMENT
Title Iinternational commercial litigation
250 ## - EDITION STATEMENT
Edition statement 2nd
260 ## - PUBLICATION, DISTRIBUTION, ETC.
Place of publication, distribution, etc. London
Name of publisher, distributor, etc. Oxford University Press
Date of publication, distribution, etc. 2015
300 ## - PHYSICAL DESCRIPTION
Extent 737p
Dimensions lxxiii
365 ## - TRADE PRICE
Price amount Rs. 23,670
505 ## - FORMATTED CONTENTS NOTE
Formatted contents note Table of Contents<br/>PART I: INTRODUCTION;<br/>1: Introduction;<br/>PART II: LEGAL RISK AND MULTISTATE TRANSACTIONS;<br/>2:Managing Litigation Risk;<br/>3:Managing Transaction Risk;<br/>PART III: LIABILITY AND RECOVERY IN MULTISTATE LITIGATION;<br/>4:The Dynamics of Choice of Law;<br/>5:The Laws Governing Multistate Transactions;<br/>6:The Laws Governing Recovery;<br/>PART IV: COMMENCING AND PREVENTING PROCEEDINGS;<br/>7:Strategic Choices;<br/>8:The Framework of Jurisdiction;<br/>9:Establishing and Challenging Jurisdiction;<br/>10:Excluded Claims;<br/>11:Declining Jurisdiction: The European Regime;<br/>12:Declining Jurisdiction: The European Regime and Third States;<br/>13:Declining Jurisdiction: English National Law;<br/>14:Procedural Objections to Proceedings;<br/>15:Preclusive Proceedings;<br/>16:Restraining Foreign Proceedings;<br/>PART V: EFFECTIVE ENFORCEMENT;<br/>17:Preseving Judgement Assets;<br/>18:Enforcing Judgement Debts;<br/>PART VI: THE CONDUCT OF PROCEEDINGS;<br/>19:Procedure, Costs, and Evidence in Multistate Disputes;<br/>20:The Proof of Foreign Law
650 ## - SUBJECT ADDED ENTRY--TOPICAL TERM
Topical term or geographic name entry element 1.Conflict of Laws - Private International Law - U K2. Commercial Litigation
700 ## - ADDED ENTRY--PERSONAL NAME
Personal name
--
942 ## - ADDED ENTRY ELEMENTS (KOHA)
Source of classification or shelving scheme Dewey Decimal Classification
Koha item type BOOKs
Holdings
Withdrawn status Lost status Source of classification or shelving scheme Damaged status Not for loan Home library Current library Shelving location Date acquired Cost, normal purchase price Total Checkouts Total Renewals Full call number Barcode Checked out Date last seen Date last checked out Price effective from Koha item type
    Dewey Decimal Classification   Not For Loan NLS NLS   30/05/2017 23670.00 2 13 340.9 FEN 32434 31/08/2026 27/10/2025 27/10/2025 30/05/2017 BOOKs